| 000 | 00811nam a2200205 i 4500 | ||
|---|---|---|---|
| 001 | 27044 | ||
| 003 | ES-MaACL | ||
| 005 | 20230909063058.0 | ||
| 007 | t| | ||
| 008 | 030113s1867 sp ||||1| spa d | ||
| 080 | _a347.95.01 | ||
| 100 | 1 |
_aArrieta, Laureano de, _d1805-1877 _923302 |
|
| 245 | 1 | 0 |
_aObservaciones acerca de la exposición de motivos en las sentencias judiciales y sobre otras cuestiones con ellas relacionadas / _cLaureano Arrieta. |
| 260 |
_aMadrid : _b[s.n.], _c1867 ( _fImp. de la Revista de Legislación á cargo de J. J. Morales) |
||
| 300 |
_a21 p. ; _c20 cm. |
||
| 500 | _aPublicado en la Revista general de legislación y Jurisprudencia (entrega de febrero de 1867) | ||
| 650 | 4 |
_aMotivación judicial. _9176290 |
|
| 852 | 4 |
_aES-MaACL _jT-140-F-6 |
|
| 999 |
_c27044 _d27044 |
||